Warrior Cats - Sudden Death #2 - Statistics

General Stats
  • This quiz has been taken 313 times
  • The average score is 4 of 15
Answers on the Grid
Answers color-coded by a green-red scale on the quiz's grid according to % correct below.
Yellowfang
Poolfur
Flamestar
Patchtail
Pink Eyes
Dawnfrost
Dragonfly
Buster
Lionclaw
Rustclaw
Gorsestar
Frostshine
Badgerfang
Ebonyclaw
Poppy
Larkface
Akira
Thrushpelt
Doespring
Mintfur
Sunnyfall
Fidgetflake
Ivymallow
Frank
Diesel
Smokeclaw
Stick
Wafflepelt
Dusk Foot
Shrewtooth
 
Answer Stats
Answer % Correct
Yellowfang
95%
Badgerfang
42%
Thrushpelt
34%
Gorsestar
29%
Ebonyclaw
27%
Mintfur
26%
Pink Eyes
24%
Shrewtooth
23%
Fidgetflake
22%
Wafflepelt
19%
Doespring
18%
Stick
17%
Diesel
16%
Buster
14%
Dragonfly
10%
No matching quizzes found
Score Distribution
Percent of People with Each Score
Percentile by Number Answered
Your Score History
You have not taken this quiz